Normal view
MARC view
- Literary Movements and Their Historical Background
Entry Topical Term
001 - CONTROL NUMBER
- control field: 129631
003 - CONTROL NUMBER IDENTIFIER
- control field: NUST
005 - DATE AND TIME OF LATEST TRANSACTION
- control field: 20250710120531.0
008 - FIXED-LENGTH DATA ELEMENTS
- fixed length control field: 250710|| aca||aabn | a|a d
040 ## - CATALOGING SOURCE
- Original cataloging agency: NUST
- Transcribing agency: NUST
150 ## - HEADING--TOPICAL TERM
- Topical term or geographic name entry element: Literary Movements and Their Historical Background
670 ## - SOURCE DATA FOUND
- Source citation: Work cat.: (NUST): Qamar,Dr Naheed 129630, Urdu Adab ma Tareekhiyat/, 2017.
